| Tag |
First Indicator |
Second Indicator |
Subfields |
| LEADER |
00000cam a2200000Ia 4500 |
| 001 |
in00002785985 |
| 006 |
m o d |
| 007 |
cr cn||||||||| |
| 008 |
121015s2012 onc ob 000 1 eng d |
| 005 |
20250816210444.6 |
| 020 |
|
|
|z 9781926845500
|
| 020 |
|
|
|z 9781926845517 (ebook)
|
| 035 |
|
|
|a (CaPaEBR)ebr10610235
|
| 040 |
|
|
|a CaPaEBR
|c CaPaEBR
|d UtOrBLW
|
| 050 |
1 |
4 |
|a PR9199.3.B69
|b P79 2012eb
|
| 100 |
1 |
|
|a Boyko, Craig.
|
| 245 |
1 |
0 |
|a Psychology and other stories /
|c C.P. Boyko.
|
| 264 |
|
1 |
|a Emeryville, Ont. :
|b Biblioasis,
|c [2012]
|
| 264 |
|
4 |
|c ©2012
|
| 300 |
|
|
|a 1 online resource (303 pages)
|
| 336 |
|
|
|a text
|b txt
|2 rdacontent
|
| 337 |
|
|
|a computer
|b c
|2 rdamedia
|
| 338 |
|
|
|a online resource
|b cr
|2 rdacarrier
|
| 504 |
|
|
|a Includes bibliographical references.
|
| 500 |
|
|
|a Electronic resource.
|
| 650 |
|
0 |
|a Psychological fiction.
|
| 650 |
|
0 |
|a Short stories, Canadian.
|
| 655 |
|
7 |
|a Electronic books.
|2 local
|
| 710 |
2 |
|
|a ebrary, Inc.
|
| 856 |
4 |
0 |
|u https://ebookcentral.proquest.com/lib/tamucs/detail.action?docID=895036
|y Connect to the full text of this electronic book
|t 0
|
| 980 |
|
|
|a 121106
|b 16.95
|c USD
|e 16.95
|f YBP_EBR0000046136
|g 1
|
| 999 |
f |
f |
|s dfe246f2-b4bf-3c63-98a5-fcbe8099219e
|i 729991d8-bf4b-3a36-aff3-2d1ae4df6080
|t 0
|
| 999 |
|
|
|a MARS
|
| 952 |
f |
f |
|a Texas A&M University
|b College Station
|c Electronic Resources
|d Available Online
|t 0
|e PR9199.3.B69 P79 2012eb
|h Library of Congress classification
|
| 998 |
f |
f |
|a PR9199.3.B69 P79 2012eb
|t 0
|l Available Online
|